000
00210nam a2200097Ia 4500
008
190216s9999||||xx |||||||||||||| ||und||
100
_a
Null
245
0
_a
Hindi-Nagarbadu
260
_b
Sahithyasadan
942
_c
BK
999
_c
17962
_d
17962